Clinical anatomy : (Record no. 10067)

MARC details
000 -LEADER
fixed length control field 00590cam a22001932 4500
001 - CONTROL NUMBER
control field 0000023936
005 - DATE AND TIME OF LATEST TRANSACTION
control field 20151217152252.0
008 - FIXED-LENGTH DATA ELEMENTS--GENERAL INFORMATION
fixed length control field 130419s xx 000 0 eng d
040 ## - CATALOGING SOURCE
Original cataloging agency KABU
Transcribing agency KABU
100 1# - MAIN ENTRY--PERSONAL NAME
Personal name Ellis, Harold.
-- 0000180472
245 10 - TITLE STATEMENT
Title Clinical anatomy :
Remainder of title a revision and applied anatomy for clinical students /
Statement of responsibility, etc. Harold Ellis.
250 ## - EDITION STATEMENT
Edition statement 3rd ed.
260 ## - PUBLICATION, DISTRIBUTION, ETC. (IMPRINT)
Place of publication, distribution, etc. Oxford :
Name of publisher, distributor, etc. Blackwell,
Date of publication, distribution, etc. 1966.
300 ## - PHYSICAL DESCRIPTION
Extent xvi, 381 p.
650 #0 - SUBJECT ADDED ENTRY--TOPICAL TERM
Topical term or geographic name as entry element Human anatomy.
-- 0000155598
852 1# - LOCATION
-- p500 KES
908 ## - PUT COMMAND PARAMETER (RLIN)
Put command parameter 130419
950 ## - LOCAL HOLDINGS (RLIN)
-- 1
Holdings
Withdrawn status Lost status Source of classification or shelving scheme Not for loan Home library Current library Date acquired Total Checkouts Full call number Barcode Date last seen Date last checked out Price effective from Koha item type
    Library of Congress Classification   Kabarak, Main Campus Kabarak, Main Campus 17/12/2015 4 QM23.2 .E45 1966 c. 1 015056 03/11/2016 19/10/2016 17/12/2015 General Collection
Designed with assistance from East African Informatics Ltd